Sports Quiz

Random Sports Quiz

20 PPG 2000-2009 Quiz Stats

 Plays Quiz not verified by Sporcle

Challenge
Share
Tweet
http://www.nba.com/media/celtics/dee_brown_dunk400550.jpg
Score 0/73 Timer 08:00
0 Plays Today
Team Player % Correct
Tor/NJNVince Carter
99.2%
LALKobe Bryant
99%
LAL/MiaShaquille O'Neal
98.8%
IndJermaine O'Neal
98.8%
DalDirk Nowitzki
98.4%
MinKevin Garnett
98.4%
Mil/BosRay Allen
98.4%
Phi/DenAllen Iverson
98.1%
BosPaul Pierce
98.1%
Orl/HouTracy McGrady
97.7%
SASTim Duncan
97.7%
DenCarmelo Anthony
97.3%
CleLebron James
97.3%
TorMike James
97.3%
MiaDwayne Wade
95.3%
WasGilbert Arenas
94.4%
AtlJoe Johnson
93.6%
TorChris Bosh
90.7%
NOHChris Paul
90.5%
Chi/LACElton Brand
89.7%
MilMichael Redd
89.3%
OrlDwight Howard
89.3%
UtaCarlos Boozer
89.1%
GSW/WasAntawn Jamison
88.9%
DetRichard Hamilton
88%
UtaKarl Malone
87.4%
Sac/PhiChris Webber
86.4%
PhxAmare Stoudemire
85.6%
NOH/GSWBaron Davis
85.2%
CleRicky Davis
85.2%
Sea/OKCKevin Durant
84.1%
HouYao Ming
83.9%
NJN/Phx/NYKStephon Marbury
83.1%
NOHDavid West
82.1%
PorBrandon Roy
81.6%
SASTony Parker
79.4%
NJNRichard Jefferson
78.1%
Team Player % Correct
MinAl Jefferson
78.1%
MemPau Gasol
75.5%
SacMike Bibby
74.8%
BosAntoine Walker
74.4%
Sea/MilGary Payton
73.2%
ChiBen Gordon
73.2%
Ind Danny Granger
71.5%
SacPredrag Stojakovic
70.5%
SeaRashard Lewis
70.3%
Ind/ChiJalen Rose
67.4%
MemRudy Gay
67.4%
PhxShawn Marion
67.2%
GSWStephen Jackson
65.8%
WasMichael Jordan
64.9%
NJNDevin Harris
64.9%
Mil/AtlGlenn Robinson
62.9%
Det/WasJerry Stackhouse
61.9%
GSWMonta Ellis
59.8%
SacKevin Martin
59.6%
Hou/OrlSteve Francis
59%
NYKAllan Houston
56.9%
PorZach Randolph
56.3%
MiaAlonzo Mourning
56.3%
DalMichael Finley
54.6%
DetGrant Hill
53.6%
GSW/NYKAl Harrington
53.4%
GSW/ChaJason Richardson
53%
IndRon Artest
51.1%
NYKJamal Crawford
48.9%
LACCorey Maggette
43.7%
CHHEddie Jones
40.8%
CHH/NOHJamal Mashburn
38.8%
AtlShareef Abdur-Rahim
36.9%
HouCuttino Mobley
30.3%
WasLarry Hughes
28.5%
DenAntonio McDyess
27.8%

You're not logged in!

Compare scores with friends on all Sporcle quizzes.
Join for Free
OR
Log In

You Might Also Like...

Show Comments

Extras

Top Quizzes Today


Score Distribution

Your Account Isn't Verified!

In order to create a playlist on Sporcle, you need to verify the email address you used during registration. Go to your Sporcle Settings to finish the process.

Report this User

Report this user for behavior that violates our Community Guidelines.

Details: